000 00431cam a2200181ua 4500
041 _aeng
_h
082 _a823.308
_bELI/SI
100 _aEliot, George.
245 _aSilas marner /
_cGeorge Eliot.
_hTextual Documents
260 _aLondon :
_bJ M Dent and Sons Ltd ,
_c1962.
300 _a246 ; .
504 _a
942 _cBK
999 _c3910
_d3910